Cities in Heilongjiang - Statistics

General Stats
  • This quiz has been taken 54 times
  • The average score is 7 of 13
Answer Stats
Population City % Correct
4,600,000 Harbin
96%
1,310,000 Qiqihar
80%
1,430,000 Daqing
68%
250,000 Heihe
68%
790,000 Mudanjiang
56%
600,000 Hegang
48%
630,000 Jiamusi
48%
750,000 Jixi
48%
360,000 Suihua
44%
500,000 Qitaihe
40%
480,000 Shuangyashan
40%
690,000 Yichun
40%
140,000 Greater Khinghan
0%
No matching quizzes found
Score Distribution
Percent of People with Each Score
Percentile by Number Answered
Your Score History
You have not taken this quiz